000 00940na a2200265 4500
001 21652
003 MIRAKIL
005 20181213155222.0
008 170206b tu 000 0
035 _a21087
040 _aMilas
_btur
_cTR-AnCHP
041 _atur
082 _a324.237
_bL24 1931
090 _a324.237 L24 1931
110 _aLaik Cumhuriyetçi Çiftçi Ve İşçi Fırkası(LCÇİF)
245 _aLaik Cumhuriyetçi Çiftçi ve İşçi Fırkası
260 _a[y.y.]
_bLCÇİF
_c1931
300 _a[13] s.
_c21 sm.
610 _aLaik Cumhuriyetçi Çiftçi ve İşçi Fırkası (LCÇİF)
_xProgramlar, 1946
610 _aLaik Cumhuriyetçi Çiftçi ve İşçi Fırkası (LCÇİF)
_xPropaganda ve ideolojiler
650 _aSolcu ve işçi partiler
_zTürkiye
710 _aLaik Cumhuriyetçi Çiftçi ve İşçi Fırkası (LCÇİF)
830 _aLaik Cumhuriyetçi Çiftçi ve İşçi Fırkası
942 _2ddc
_cBKS
999 _c8728
_d8728